Human Body / (Record no. 11764)
[ view plain ]
| 000 -LEADER | |
|---|---|
| fixed length control field | 00794nam a2200277 a 4500 |
| 001 - CONTROL NUMBER | |
| JCCL Control Number | 11764 |
| 003 - CONTROL NUMBER IDENTIFIER | |
| JCCL marc code | BD-JhCC |
| 005 - DATE AND TIME OF LATEST TRANSACTION | |
| control field | 20200903085625.0 |
| 008 - FIXED-LENGTH DATA ELEMENTS--GENERAL INFORMATION | |
| fixed length control field | 200903b2017 us a|||| ||a| 001 0 eng d |
| 020 ## - INTERNATIONAL STANDARD BOOK NUMBER | |
| International Standard Book Number | 9780241365823 |
| 035 ## - SYSTEM CONTROL NUMBER | |
| system control number | (BD-JhCC)11764 |
| 040 ## - CATALOGING SOURCE | |
| Original cataloging agency | BD-JhCC |
| Modifying agency | BD-JhCC |
| 041 ## - LANGUAGE CODE | |
| Language code of Book | eng |
| 082 ## - DEWEY DECIMAL CLASSIFICATION NUMBER | |
| Classification number | 612 |
| Author mark and Year | CLA 2017 |
| 100 ## - MAIN ENTRY--PERSONAL NAME | |
| Personal name | Claybourne,Anna |
| 245 ## - TITLE STATEMENT | |
| Title | Human Body / |
| Statement of responsibility, etc | Anna Claybourne, John Farndon, John Friend, Nicola Temple, Arran Lewis. |
| 260 ## - PUBLICATION, DISTRIBUTION, ETC. (IMPRINT) | |
| Place of publication, distribution, etc | us: |
| Name of publisher, distributor, etc | DK Publishing; |
| Date of publication, distribution, etc | 2017. |
| 300 ## - PHYSICAL DESCRIPTION | |
| Pagination | 208 p. : |
| Other physical details | ill; |
| Dimensions | 26 cm. |
| 651 ## - SUBJECT ADDED ENTRY--GEOGRAPHIC NAME | |
| Geographic name | Human body |
| General subdivision | Human anatomy |
| Chronological subdivision | Human physiology |
| Geographic subdivision | Human physiology--Experiments |
| 700 ## - ADDED ENTRY--PERSONAL NAME | |
| Personal name | Farndon,John |
| 700 ## - ADDED ENTRY--PERSONAL NAME | |
| Personal name | Friend,John |
| 700 ## - ADDED ENTRY--PERSONAL NAME | |
| Personal name | Temple, Nicola |
| 700 ## - ADDED ENTRY--PERSONAL NAME | |
| Personal name | Lewis,Arran |
| 942 ## - ADDED ENTRY ELEMENTS (KOHA) | |
| Source of classification or shelving scheme | Dewey Decimal Classification |
| Koha item type | Books |
| Source of classification or shelving scheme | Damaged status | Not for loan | Home library | Current library | Shelving location | Date of accession | Cost, normal purchase price | Total Checkouts | Full call number | Barcode | Date last seen | Copy number | Koha item type |
|---|---|---|---|---|---|---|---|---|---|---|---|---|---|
| Dewey Decimal Classification | Not For Loan | JCC Rouf Library | JCC Rouf Library | General Stacks | 09/03/2020 | 1438.00 | 612 CLA 2017 | 16011 | 09/03/2020 | C-1 | Books | ||
| Dewey Decimal Classification | Not For Loan | JCC Rouf Library | JCC Rouf Library | General Stacks | 11/02/2020 | 1438.00 | 612 CLA 2018 | 16241 | 11/03/2020 | C-2 | Books |